[Event "DVM U10 2016"]
[Site "Magdeburg GER"]
[Date "2016.12.29"]
[Round "6"]
[White "Natebus, Wenzel"]
[Black "Schiffner, Robin"]
[Result "0-1"]
[Termination "normal"]
[Board "9.2"]
[WhiteElo "955"]
[BlackElo "1324"]
[WhiteTeam "USV Halle"]
[BlackTeam "USC Magdeburg"]
[PlyCount "65"]
[WhiteFideId "34600787"]
[BlackFideId "16210328"]
[EventCountry "GER"]
[EventRounds "7"]
[EventType "team-swiss"]
[EventDate "2016.12.27"]

1. e4 c5 2. Nf3 d6 3. c3 Nf6 4. Bb5+ Nbd7 5. d3 a6 6. Ba4 b5 7. Bb3 Bb7 8. Ng5
e6 9. Bf4 Be7 10. Nd2 O-O 11. Qf3 h6 12. Nh3 Qb6 13. Qg3 Kh8 14. Be3 Ne5 15.
Bd1 Nxd3+ 16. Ke2 Nxb2 17. Nf4 Nxd1 18. Kxd1 Nxe4 19. Nxe4 Bxe4 20. Nh5 Rg8 21.
Qf4 Bg6 22. Qf3 Qa5 23. Bd2 Qa4+ 24. Ke1 Qe4+ 25. Qxe4 Bxe4 26. f3 Bd3 27. Nf4
Bc4 28. Kd1 a5 29. Kc2 b4 30. cxb4 axb4 31. Kb2 Bf6+ 32. Kc2 Bxa1 33. Rxa1 0-1

[Event "DVM U10 2016"]
[Site "Magdeburg GER"]
[Date "2016.12.29"]
[Round "6"]
[White "Herter, Arne"]
[Black "Sultanaliev, Akbar"]
[Result "1-0"]
[Termination "normal"]
[Board "9.3"]
[WhiteElo "1114"]
[BlackElo "777"]
[WhiteTeam "USC Magdeburg"]
[BlackTeam "USV Halle"]
[PlyCount "61"]
[WhiteFideId "16255372"]
[EventCountry "GER"]
[EventRounds "7"]
[EventType "team-swiss"]
[EventDate "2016.12.27"]

1. e4 e5 2. Nf3 Nc6 3. Nc3 Bc5 4. Bb5 a6 5. Bxc6 dxc6 6. Nxe5 Qd4 7. Nd3 Bb6 8.
O-O Nf6 9. Nf4 O-O 10. d3 Bg4 11. Qe1 Bh5 12. Be3 Qe5 13. Qd2 Bxe3 14. fxe3 Qc5
15. d4 Nxe4 16. Nxe4 Qb5 17. Nc3 Qf5 18. Nfd5 cxd5 19. Rxf5 Bg6 20. Rxd5 Rad8
21. Rxd8 Rxd8 22. Re1 b6 23. e4 c5 24. d5 h6 25. d6 Bh5 26. h3 Kf8 27. Na4 b5
28. Nxc5 a5 29. Nb7 Rd7 30. Qxa5 Rxb7 31. Qd8# 1-0

[Event "DVM U10 2016"]
[Site "Magdeburg GER"]
[Date "2016.12.29"]
[Round "6"]
[White "Atze, Reinhard"]
[Black "Müller, Helene"]
[Result "1-0"]
[Termination "normal"]
[Board "10.1"]
[WhiteElo "1169"]
[BlackElo "1182"]
[WhiteTeam "SK König Plauen"]
[BlackTeam "TSV Kitzscher"]
[PlyCount "79"]
[WhiteFideId "12995665"]
[BlackFideId "16240456"]
[EventCountry "GER"]
[EventRounds "7"]
[EventType "team-swiss"]
[EventDate "2016.12.27"]

1. e4 c5 2. Nf3 d6 3. d4 cxd4 4. Nxd4 Nf6 5. Nc3 g6 6. Be2 Bg7 7. O-O Nc6 8.
Be3 Bd7 9. Kh1 O-O 10. f4 Qc7 11. Ncb5 Qa5 12. Nc3 a6 13. Nb3 Qc7 14. f5 Ne5
15. Nd2 Rac8 16. Bg1 Kh8 17. Nf3 Bc6 18. Nxe5 dxe5 19. fxg6 fxg6 20. Bf3 Rfd8
21. Qe1 e6 22. a4 Bf8 23. Qh4 Be7 24. Qh3 Bd7 25. a5 Rg8 26. Be3 Rcf8 27. Bg5
Qc6 28. Rad1 Be8 29. Qg3 Qc7 30. Bh6 Rf7 31. Be2 Qxa5 32. Bc4 Qb6 33. b3 Qc6
34. Qxe5 Bd7 35. Rxd7 Qxd7 36. Bxe6 Bd6 37. Bxd7 Bxe5 38. Be6 Rgf8 39. Bxf7
Rxf7 40. Nd5 1-0

[Event "DVM U10 2016"]
[Site "Magdeburg GER"]
[Date "2016.12.29"]
[Round "6"]
[White "Hick, Richard"]
[Black "Elstner, Florian"]
[Result "0-1"]
[Termination "normal"]
[Board "10.2"]
[WhiteElo "1009"]
[BlackElo "1197"]
[WhiteTeam "TSV Kitzscher"]
[BlackTeam "SK König Plauen"]
[PlyCount "100"]
[WhiteFideId "16269403"]
[BlackFideId "16247264"]
[EventCountry "GER"]
[EventRounds "7"]
[EventType "team-swiss"]
[EventDate "2016.12.27"]

1. e4 c5 2. Nf3 Nc6 3. d3 d6 4. Nc3 Nf6 5. Be3 e6 6. Be2 Be7 7. O-O O-O 8. Bd2
a6 9. Be3 b5 10. d4 cxd4 11. Nxd4 Qc7 12. Nxc6 Qxc6 13. Bd3 Bb7 14. f3 Rad8 15.
Bf2 d5 16. e5 Nd7 17. Re1 Qc7 18. Bd4 Qc6 19. Bf2 Kh8 20. Ne2 Nxe5 21. Nd4 Qd6
22. Bg3 f6 23. Qe2 Bc8 24. Bxe5 fxe5 25. Qxe5 Qc5 26. Qe3 Rf6 27. Nb3 Qd6 28.
Qe5 Rh6 29. Qxd6 Bxd6 30. h3 Rf8 31. Nd4 Bc5 32. c3 Rf4 33. Kh1 Bxd4 34. cxd4
Rxd4 35. Rac1 Bb7 36. Rc7 Rxd3 37. Rxb7 Kg8 38. Rc1 Rf6 39. Ra7 Rd2 40. Rxa6
Rxb2 41. Rc8+ Rf8 42. a3 Rxc8 43. Ra5 Rc1+ 44. Kh2 Rcc2 45. Ra8+ Kf7 46. Ra7+
Kf6 47. Ra8 Rxg2+ 48. Kh1 Rgd2 49. Rf8+ Kg6 50. Rf4 Rd1# 0-1

[Event "DVM U10 2016"]
[Site "Magdeburg GER"]
[Date "2016.12.29"]
[Round "6"]
[White "Oehme, Adrian"]
[Black "Müller, Josef"]
[Result "1-0"]
[Termination "normal"]
[Board "10.3"]
[WhiteElo "1200"]
[BlackElo "864"]
[WhiteTeam "SK König Plauen"]
[BlackTeam "TSV Kitzscher"]
[PlyCount "97"]
[BlackFideId "16246993"]
[EventCountry "GER"]
[EventRounds "7"]
[EventType "team-swiss"]
[EventDate "2016.12.27"]

1. d4 d5 2. c4 dxc4 3. e4 Nf6 4. Nc3 Nc6 5. Be3 Bg4 6. Nf3 e6 7. a3 Bd6 8. Bxc4
Qd7 9. O-O O-O-O 10. Be2 Bh5 11. Nd2 Bxe2 12. Qxe2 Be7 13. Qd3 Bd6 14. Rab1 Ng4
15. f4 Nxe3 16. Qxe3 Be7 17. d5 exd5 18. Nxd5 Qg4 19. b4 Rd7 20. Nf3 Rhd8 21.
b5 Na5 22. Ne5 Nc4 23. Nxe7+ Rxe7 24. Nxc4 Re6 25. Ne5 Qh4 26. Qxa7 c6 27. b6
Rxe5 28. fxe5 Kd7 29. Rbd1+ Ke7 30. Rxd8 Kxd8 31. h3 Qxe4 32. Rxf7 Qe1+ 33. Kh2
Qxe5+ 34. g3 Qe2+ 35. Kg1 Qe1+ 36. Rf1 Qe3+ 37. Rf2 Qe1+ 38. Kg2 Qe4+ 39. Kh2
Ke7 40. Qxb7+ Ke6 41. Qf7+ Kd6 42. b7 Qb1 43. a4 Qb6 44. a5 Qa7 45. Rd2+ Kc5
46. Qc7 Kb5 47. b8=Q+ Qxb8 48. Qxb8+ Kxa5 49. Ra2# 1-0

[Event "DVM U10 2016"]
[Site "Magdeburg GER"]
[Date "2016.12.29"]
[Round "6"]
[White "Kiefhaber, Tobias"]
[Black "Mainka, Ingmar"]
[Result "0-1"]
[Termination "normal"]
[Board "11.2"]
[WhiteElo "1130"]
[BlackElo "1122"]
[WhiteTeam "Karlsruher SF"]
[BlackTeam "DJK Arminia Eilendorf"]
[PlyCount "48"]
[WhiteFideId "16240693"]
[BlackFideId "16254937"]
[EventCountry "GER"]
[EventRounds "7"]
[EventType "team-swiss"]
[EventDate "2016.12.27"]

1. e4 e5 2. Nf3 Nc6 3. Bc4 Bc5 4. c3 Nf6 5. d4 exd4 6. cxd4 Bb4+ 7. Nc3 O-O 8.
Bg5 h6 9. Bh4 g5 10. Bg3 Bxc3+ 11. bxc3 Nxe4 12. O-O Nxc3 13. Qc2 d5 14. Bd3
Ne4 15. Bxe4 dxe4 16. Qxe4 f5 17. Qe3 f4 18. Bxf4 gxf4 19. Qxf4 Rxf4 20. Rad1
Nxd4 21. Ne5 Ne2+ 22. Kh1 Qg5 23. Nf3 Qh5 24. Rfe1 Rxf3 0-1

[Event "DVM U10 2016"]
[Site "Magdeburg GER"]
[Date "2016.12.29"]
[Round "6"]
[White "Claussen, Carlos"]
[Black "Sassenscheidt, Julius"]
[Result "1-0"]
[Termination "normal"]
[Board "11.4"]
[WhiteElo "898"]
[BlackElo "787"]
[WhiteTeam "Karlsruher SF"]
[BlackTeam "DJK Arminia Eilendorf"]
[PlyCount "123"]
[WhiteFideId "16245288"]
[BlackFideId "16258509"]
[EventCountry "GER"]
[EventRounds "7"]
[EventType "team-swiss"]
[EventDate "2016.12.27"]

1. e4 d5 2. Nc3 dxe4 3. Nxe4 e5 4. d3 Nc6 5. Bg5 Nf6 6. Qf3 Be7 7. Nxf6+ Bxf6
8. Bxf6 Qxf6 9. Qxf6 gxf6 10. O-O-O Be6 11. Nf3 O-O-O 12. Kb1 e4 13. Nd2 Nb4
14. Nxe4 f5 15. Nc5 Bxa2+ 16. Kc1 Bd5 17. Be2 Bxg2 18. Rhg1 Bc6 19. Rg3 Rhg8
20. Rxg8 Rxg8 21. d4 Rg2 22. d5 Nxd5 23. Bf3 Rxf2 24. Bxd5 Bxd5 25. Rxd5 b6 26.
Nd3 Rxh2 27. Rxf5 h5 28. Rxf7 h4 29. Rf2 Rh3 30. Nf4 Rg3 31. Rh2 Rg4 32. Ng2
Kb7 33. Nxh4 Rg1+ 34. Kd2 Kc6 35. Rg2 Rh1 36. Rg6+ Kb7 37. Nf5 Rh2+ 38. Kc3 Ka6
39. Rg7 c5 40. Kb3 Rf2 41. Ne7 Kb5 42. Nc8 a6 43. Rg6 Rf3+ 44. c3 c4+ 45. Kc2
Rf2+ 46. Kc1 Rf1+ 47. Kd2 Rf2+ 48. Kc1 Rf1+ 49. Kc2 Rf2+ 50. Kc1 Rf1+ 51. Kc2
Rf2+ 52. Kb1 Ka4 53. Rxb6 a5 54. Nd6 Rf4 55. Rc6 Kb3 56. Rb6+ Ka4 57. Ka2 Rf5
58. Nxc4 Rf2 59. Kb1 Rf1+ 60. Kc2 Rf2+ 61. Kd3 Rc2 62. b3# 1-0

[Event "DVM U10 2016"]
[Site "Magdeburg GER"]
[Date "2016.12.29"]
[Round "6"]
[White "Niemann, Leon"]
[Black "Schön, Florian"]
[Result "1-0"]
[Termination "normal"]
[Board "12.1"]
[WhiteElo "1423"]
[BlackElo "1152"]
[WhiteTeam "Hannover 96"]
[BlackTeam "BSG Grün-Weiß Leipzig"]
[PlyCount "47"]
[WhiteFideId "16218388"]
[BlackFideId "16259394"]
[EventCountry "GER"]
[EventRounds "7"]
[EventType "team-swiss"]
[EventDate "2016.12.27"]

1. c4 e5 2. Nc3 Nf6 3. g3 Bc5 4. Nf3 d6 5. Bg2 c6 6. O-O Bf5 7. d4 Bxd4 8. Nxd4
exd4 9. Qxd4 O-O 10. Bf4 Qb6 11. Qxb6 axb6 12. Bxd6 Rd8 13. Bf4 Rd4 14. Rfd1
Rxd1+ 15. Rxd1 Nbd7 16. a3 h6 17. e4 Bg4 18. f3 Be6 19. Bf1 Ra5 20. Kf2 Rc5 21.
b4 Rh5 22. g4 Bxg4 23. fxg4 Nxg4+ 24. Kg2 1-0

[Event "DVM U10 2016"]
[Site "Magdeburg GER"]
[Date "2016.12.29"]
[Round "6"]
[White "Willberg, Marek"]
[Black "Janovskij, Konstantin"]
[Result "1/2-1/2"]
[Termination "normal"]
[Board "12.2"]
[WhiteElo "1060"]
[BlackElo "1361"]
[WhiteTeam "BSG Grün-Weiß Leipzig"]
[BlackTeam "Hannover 96"]
[PlyCount "57"]
[WhiteFideId "16224027"]
[BlackFideId "16225252"]
[EventCountry "GER"]
[EventRounds "7"]
[EventType "team-swiss"]
[EventDate "2016.12.27"]

1. e4 e5 2. Nf3 Nc6 3. Nc3 Nf6 4. Bc4 Nxe4 5. Nxe4 d5 6. Bxd5 Qxd5 7. Nc3 Qd8
8. h3 Bc5 9. d3 O-O 10. O-O Bf5 11. Re1 Re8 12. Be3 Bb6 13. Bxb6 axb6 14. Qd2
Qd7 15. Re3 Rad8 16. Rae1 f6 17. Qe2 Bg6 18. Nh4 Nd4 19. Qd2 Bf7 20. Rg3 Nf5
21. Nxf5 Qxf5 22. Qh6 Bg6 23. Qe3 Qf4 24. Qxf4 exf4 25. Rxe8+ Rxe8 26. Rf3 c6
27. Rxf4 Kf7 28. Kf1 b5 29. Rd4 1/2-1/2

[Event "DVM U10 2016"]
[Site "Magdeburg GER"]
[Date "2016.12.29"]
[Round "6"]
[White "Schulz, Leonard"]
[Black "Bangiev, Anton"]
[Result "1-0"]
[Termination "normal"]
[Board "12.4"]
[WhiteElo "1119"]
[BlackElo "600"]
[WhiteTeam "BSG Grün-Weiß Leipzig"]
[BlackTeam "Hannover 96"]
[PlyCount "64"]
[BlackFideId "16267222"]
[EventCountry "GER"]
[EventRounds "7"]
[EventType "team-swiss"]
[EventDate "2016.12.27"]

1. e4 e5 2. Nf3 Nc6 3. Bc4 b6 4. Nc3 Bb7 5. d3 Bb4 6. Be3 Qe7 7. a3 Bxc3+ 8.
bxc3 O-O-O 9. Qd2 Na5 10. Bb3 Nxb3 11. cxb3 Nf6 12. a4 d5 13. exd5 Bxd5 14. a5
Bxb3 15. axb6 axb6 16. Ra7 Qd7 17. O-O Ng4 18. Bg5 Kb8 19. Ra3 Bd5 20. Bxd8
Rxd8 21. h3 Nf6 22. Nxe5 Qd6 23. Nf3 Qxa3 24. Nd4 c5 25. Nf3 Bxf3 26. gxf3 b5
27. Qf4+ Ka7 28. Qc7+ Ka6 29. Qxd8 Qxc3 30. Qd6+ Ka5 31. Qc7+ Kb4 32. Qxf7 Qxd3
1-0

[Event "DVM U10 2016"]
[Site "Magdeburg GER"]
[Date "2016.12.29"]
[Round "6"]
[White "Thomas, Anton"]
[Black "Schmidt, Dirk"]
[Result "1/2-1/2"]
[Termination "normal"]
[Board "13.1"]
[WhiteElo "1187"]
[BlackElo "1030"]
[WhiteTeam "SC Erlangen"]
[BlackTeam "SV Empor Erfurt"]
[PlyCount "55"]
[BlackFideId "16220544"]
[EventCountry "GER"]
[EventRounds "7"]
[EventType "team-swiss"]
[EventDate "2016.12.27"]

1. e4 e5 2. Nf3 Nc6 3. Bc4 Bc5 4. Nc3 Nf6 5. d3 d6 6. h3 h6 7. Qe2 O-O 8. Be3
Bb6 9. O-O Re8 10. a3 Be6 11. Bb3 Bxb3 12. cxb3 d5 13. Bd2 d4 14. Na2 Qd6 15.
Nh4 Kh8 16. Qf3 Rg8 17. Nb4 Ba5 18. Nxc6 Bxd2 19. Nb4 Bxb4 20. Nf5 Qe6 21. axb4
Qxb3 22. Nxh6 gxh6 23. Qxf6+ Rg7 24. Qxh6+ Kg8 25. f4 Qxd3 26. Rfe1 Qg3 27. Re2
exf4 28. Rf1 1/2-1/2

[Event "DVM U10 2016"]
[Site "Magdeburg GER"]
[Date "2016.12.29"]
[Round "6"]
[White "Wolf, Jonas"]
[Black "Weiß, Oskar"]
[Result "1-0"]
[Termination "normal"]
[Board "13.3"]
[WhiteElo "902"]
[BlackElo "934"]
[WhiteTeam "SC Erlangen"]
[BlackTeam "SV Empor Erfurt"]
[PlyCount "63"]
[WhiteFideId "16269500"]
[BlackFideId "16220552"]
[EventCountry "GER"]
[EventRounds "7"]
[EventType "team-swiss"]
[EventDate "2016.12.27"]

1. e4 e5 2. Nf3 Nc6 3. Nc3 Nf6 4. Bc4 Bc5 5. d3 Ng4 6. O-O d6 7. h3 Nf6 8. Bg5
Be6 9. Bb3 Qd7 10. Nd5 Bxd5 11. Bxf6 Bxb3 12. axb3 gxf6 13. Qd2 O-O-O 14. Ra2
Rhg8 15. Kh1 f5 16. Rg1 fxe4 17. dxe4 d5 18. exd5 Qxd5 19. Qc3 Bxf2 20. Rf1 Bb6
21. Raa1 Bd4 22. Qe1 Rde8 23. c3 Bb6 24. c4 Qd7 25. Rd1 Qe7 26. Qe4 Rd8 27. Rc1
Bd4 28. Rb1 f6 29. Nxd4 Nxd4 30. Ra1 Nxb3 31. Rxa7 Nd2 32. Qxb7+ 1-0

[Event "DVM U10 2016"]
[Site "Magdeburg GER"]
[Date "2016.12.29"]
[Round "6"]
[White "Rüttinger, Max"]
[Black "Isbilir, Levin"]
[Result "0-1"]
[Termination "normal"]
[Board "13.4"]
[WhiteElo "962"]
[BlackElo "931"]
[WhiteTeam "SV Empor Erfurt"]
[BlackTeam "SC Erlangen"]
[PlyCount "86"]
[WhiteFideId "16278097"]
[BlackFideId "16267192"]
[EventCountry "GER"]
[EventRounds "7"]
[EventType "team-swiss"]
[EventDate "2016.12.27"]

1. e4 e5 2. Nf3 Nc6 3. d4 Nxd4 4. Nxd4 exd4 5. Qxd4 Nf6 6. e5 Ng8 7. Bc4 b6 8.
Qd5 Qe7 9. Qxa8 Qxe5+ 10. Be2 Bb4+ 11. c3 Be7 12. Qxc8+ Bd8 13. Bd2 Nf6 14. O-O
O-O 15. Bd3 Be7 16. Qa6 Bd6 17. g3 Qh5 18. Qc4 Ng4 19. h4 Ne5 20. Be2 Qf5 21.
Qd5 Qh3 22. Bf4 Ng4 23. Bxg4 Qxg4 24. Bxd6 cxd6 25. Qxd6 h6 26. Re1 Qf3 27. Re3
Qf5 28. Nd2 Qc2 29. Rae1 Qf5 30. Qd3 Qxd3 31. Rxd3 a6 32. Rxd7 b5 33. Ra7 Rd8
34. h5 Rxd2 35. Re8+ Kh7 36. Raa8 g6 37. Rh8+ Kg7 38. Rag8+ Kf6 39. hxg6 fxg6
40. Rxh6 Ke5 41. Rgxg6 Ke4 42. Kf1 Kf3 43. Rh4 Rd1# 0-1

[Event "DVM U10 2016"]
[Site "Magdeburg GER"]
[Date "2016.12.29"]
[Round "6"]
[White "Dornheim, Carl Friedrich"]
[Black "Hecker, Linus Maximin"]
[Result "0-1"]
[Termination "normal"]
[Board "14.1"]
[WhiteElo "1234"]
[BlackElo "993"]
[WhiteTeam "Schachzwerge Magdeburg 1"]
[BlackTeam "Düsseldorfer SV"]
[PlyCount "42"]
[WhiteFideId "16252314"]
[BlackFideId "16275152"]
[EventCountry "GER"]
[EventRounds "7"]
[EventType "team-swiss"]
[EventDate "2016.12.27"]

1. e4 e5 2. Nf3 Nc6 3. d4 exd4 4. Nxd4 Nf6 5. Nxc6 bxc6 6. e5 Nd5 7. c4 Nb4 8.
a3 Na6 9. b4 Nb8 10. Bb2 c5 11. b5 c6 12. a4 d6 13. exd6 f6 14. Qe2+ Kf7 15.
Qh5+ g6 16. Qxc5 Bxd6 17. Qe3 Re8 18. Be5 Rxe5 19. Nc3 Rxe3+ 20. fxe3 Be5 21.
Rc1 Bxc3+ 0-1

[Event "DVM U10 2016"]
[Site "Magdeburg GER"]
[Date "2016.12.29"]
[Round "6"]
[White "Hörhager-Celjo, Dino"]
[Black "Mirschel, Thaddeus"]
[Result "1-0"]
[Termination "normal"]
[Board "14.2"]
[WhiteElo "861"]
[BlackElo "1057"]
[WhiteTeam "Düsseldorfer SV"]
[BlackTeam "Schachzwerge Magdeburg 1"]
[PlyCount "79"]
[WhiteFideId "16253035"]
[BlackFideId "16277570"]
[EventCountry "GER"]
[EventRounds "7"]
[EventType "team-swiss"]
[EventDate "2016.12.27"]

1. e4 c5 2. Nf3 Nc6 3. d4 cxd4 4. Nxd4 e5 5. Nf3 Nf6 6. Nc3 Bc5 7. Bc4 d6 8.
Bg5 O-O 9. Be2 Qb6 10. O-O Ng4 11. Qe1 h6 12. Bh4 Nb4 13. Rc1 Be6 14. a3 Nc6
15. b4 Bd4 16. Nd5 Bxd5 17. exd5 Nd8 18. a4 Ne3 19. a5 Qc7 20. fxe3 Bxe3+ 21.
Bf2 Bxc1 22. Qxc1 b6 23. Qa1 Nb7 24. axb6 axb6 25. Qd1 Qd7 26. Bxb6 Rfc8 27. c4
Ra6 28. Be3 f5 29. c5 f4 30. Bxa6 fxe3 31. c6 Qf7 32. cxb7 Rb8 33. Qd3 Qf4 34.
Re1 e4 35. Qxe3 Qxe3+ 36. Rxe3 exf3 37. Rxf3 g5 38. Rc3 Kf7 39. Rc8 Rxc8 40.
bxc8=Q 1-0

[Event "DVM U10 2016"]
[Site "Magdeburg GER"]
[Date "2016.12.29"]
[Round "6"]
[White "Weber, Willi"]
[Black "Hörhager-Celjo, Denis"]
[Result "1-0"]
[Termination "normal"]
[Board "14.3"]
[WhiteElo "924"]
[BlackElo "853"]
[WhiteTeam "Schachzwerge Magdeburg 1"]
[BlackTeam "Düsseldorfer SV"]
[PlyCount "48"]
[BlackFideId "16253027"]
[EventCountry "GER"]
[EventRounds "7"]
[EventType "team-swiss"]
[EventDate "2016.12.27"]

1. e4 e5 2. Nf3 Nc6 3. Bc4 Be7 4. O-O Nf6 5. Nc3 O-O 6. d4 exd4 7. Nxd4 Nxd4 8.
Qxd4 c5 9. Qd3 d6 10. Qg3 h6 11. Bxh6 Ng4 12. Bf4 Bg5 13. Bxg5 Qxg5 14. h3 a6
15. hxg4 Bxg4 16. Qxd6 Rad8 17. Qg3 Rd7 18. f3 Qe3+ 19. Qf2 Qxf2+ 20. Rxf2 Be6
21. Bxe6 fxe6 22. Raf1 Rdf7 23. a3 b5 24. b4 c4 1-0

[Event "DVM U10 2016"]
[Site "Magdeburg GER"]
[Date "2016.12.29"]
[Round "6"]
[White "Langer, Paul Georg"]
[Black "Lienau, Tom"]
[Result "1-0"]
[Termination "normal"]
[Board "15.1"]
[WhiteElo "1246"]
[BlackElo "886"]
[WhiteTeam "SG Blau-Weiß Stadtilm"]
[BlackTeam "Segeberger SF"]
[PlyCount "66"]
[WhiteFideId "16230051"]
[BlackFideId "16216423"]
[EventCountry "GER"]
[EventRounds "7"]
[EventType "team-swiss"]
[EventDate "2016.12.27"]

1. e4 e5 2. Nf3 Nc6 3. Bc4 Be7 4. Nc3 Nf6 5. d3 d6 6. h3 a6 7. Be3 b5 8. Bb3 b4
9. Ne2 a5 10. Ba4 Bd7 11. O-O O-O 12. Bb3 a4 13. Bc4 Be6 14. Bxe6 fxe6 15. Ng5
Qd7 16. Qd2 Nh5 17. Nf3 Rf6 18. Nh2 Rg6 19. Kh1 Rf8 20. Rg1 Bh4 21. g3 Nd4 22.
gxh4 Nxe2 23. Qxe2 Rxg1+ 24. Rxg1 Nf4 25. Bxf4 exf4 26. f3 e5 27. Qg2 Rf7 28.
Ng4 Kf8 29. h5 h6 30. Qh2 c6 31. h4 d5 32. Nxe5 Qe6 33. Nxf7 Qxf7 1-0

[Event "DVM U10 2016"]
[Site "Magdeburg GER"]
[Date "2016.12.29"]
[Round "6"]
[White "Palyan, Levon"]
[Black "Rapp, Leonard"]
[Result "0-1"]
[Termination "normal"]
[Board "15.2"]
[WhiteElo "880"]
[BlackElo "1479"]
[WhiteTeam "Segeberger SF"]
[BlackTeam "SG Blau-Weiß Stadtilm"]
[PlyCount "80"]
[WhiteFideId "16216440"]
[BlackFideId "16212428"]
[EventCountry "GER"]
[EventRounds "7"]
[EventType "team-swiss"]
[EventDate "2016.12.27"]

1. e4 e5 2. Nf3 Nc6 3. Bc4 Bc5 4. Nc3 Nf6 5. d3 h6 6. h3 d6 7. Be3 Bxe3 8. fxe3
Be6 9. Nd5 Bxd5 10. exd5 Ne7 11. e4 O-O 12. Qe2 Qd7 13. b3 Rfb8 14. b4 a5 15.
bxa5 Rxa5 16. Rb1 b5 17. Bb3 c6 18. d4 cxd5 19. exd5 exd4 20. O-O Nexd5 21. Ba4
Rxa4 22. Nxd4 Rxd4 23. Rfe1 Re8 24. Qf3 Rxe1+ 25. Rxe1 Qa7 26. Kh2 Rf4 27. Qb3
Qf2 28. Rg1 Qe3 29. c3 Qxc3 30. Qxb5 Qc5 31. Qb8+ Kh7 32. Qb1+ Re4 33. Re1 Qb4
34. Qxb4 Nxb4 35. Rd1 Nbd5 36. Rc1 Kg6 37. Ra1 Ra4 38. a3 Ne4 39. Rd1 Ne3 40.
Ra1 d5 0-1

[Event "DVM U10 2016"]
[Site "Magdeburg GER"]
[Date "2016.12.29"]
[Round "6"]
[White "Staude, Quentin"]
[Black "Staubus, Noah"]
[Result "1-0"]
[Termination "normal"]
[Board "15.3"]
[WhiteElo "957"]
[BlackElo "1007"]
[WhiteTeam "SG Blau-Weiß Stadtilm"]
[BlackTeam "Segeberger SF"]
[PlyCount "85"]
[BlackFideId "34690271"]
[EventCountry "GER"]
[EventRounds "7"]
[EventType "team-swiss"]
[EventDate "2016.12.27"]

1. e4 e5 2. Nf3 Nc6 3. Nc3 Bc5 4. Nxe5 Nxe5 5. d4 Bb4 6. dxe5 Ne7 7. a3 Bxc3+
8. bxc3 O-O 9. Bg5 h6 10. Bh4 d6 11. exd6 cxd6 12. Rb1 b6 13. Bc4 Bb7 14. a4
Bxe4 15. Qg4 g6 16. Qxe4 Re8 17. O-O d5 18. Bxd5 Qxd5 19. Qe3 Nf5 20. Qh3 Nxh4
21. Qxh4 Qh5 22. Qg3 Qa5 23. Rb4 Re7 24. Qh4 Qg5 25. Qxg5 hxg5 26. h3 Rae8 27.
Rbb1 a6 28. c4 b5 29. cxb5 axb5 30. axb5 Rb7 31. c4 Kf8 32. Rfd1 Ke7 33. c5 Rd8
34. Re1+ Kd7 35. c6+ Kc7 36. cxb7 Kxb7 37. b6 f5 38. Re7+ Kb8 39. b7 Ka7 40.
Ra1+ Kb6 41. Ra8 Rd1+ 42. Kh2 g4 43. b8=Q+ 1-0

[Event "DVM U10 2016"]
[Site "Magdeburg GER"]
[Date "2016.12.29"]
[Round "6"]
[White "Onat, Elias Levent"]
[Black "Langer, Eric Jonathan"]
[Result "1-0"]
[Termination "normal"]
[Board "15.4"]
[WhiteElo "600"]
[BlackElo "795"]
[WhiteTeam "Segeberger SF"]
[BlackTeam "SG Blau-Weiß Stadtilm"]
[PlyCount "51"]
[BlackFideId "34686746"]
[EventCountry "GER"]
[EventRounds "7"]
[EventType "team-swiss"]
[EventDate "2016.12.27"]

1. e4 e5 2. Nf3 Nc6 3. Bc4 Bc5 4. c3 Nf6 5. d4 exd4 6. cxd4 Bb4+ 7. Bd2 Bxd2+
8. Nbxd2 d5 9. exd5 Nxd5 10. O-O O-O 11. Nb3 Be6 12. Bd3 Qd7 13. Ng5 Bg4 14.
Qc2 Ncb4 15. Bxh7+ Kh8 16. Qe4 Nf6 17. Qb1 g6 18. Bxg6 fxg6 19. Qxg6 Rae8 20.
Qh6+ Kg8 21. Nc5 Qxd4 22. Qg6+ Kh8 23. Nf7+ Rxf7 24. Qxf7 Rc8 25. Ne6 Qe5 26.
Qg7# 1-0

[Event "DVM U10 2016"]
[Site "Magdeburg GER"]
[Date "2016.12.29"]
[Round "6"]
[White "Werner, Rosalie"]
[Black "Guo, Philipp Ziming"]
[Result "1-0"]
[Termination "normal"]
[Board "16.1"]
[WhiteElo "1384"]
[BlackElo "906"]
[WhiteTeam "VSG 1880 Offenbach"]
[BlackTeam "TuRa Harksheide Norderstedt"]
[PlyCount "81"]
[WhiteFideId "16223748"]
[BlackFideId "16245199"]
[EventCountry "GER"]
[EventRounds "7"]
[EventType "team-swiss"]
[EventDate "2016.12.27"]

1. e4 e5 2. Nf3 Nc6 3. Bb5 a6 4. Bxc6 dxc6 5. d4 f6 6. O-O Qd6 7. Nc3 Bg4 8.
dxe5 fxe5 9. Qe2 Qf6 10. Rd1 Ne7 11. h3 Bh5 12. Rd3 Rd8 13. Re3 b5 14. a3 c5
15. Bd2 g5 16. Rd1 Nc6 17. Nd5 Qf7 18. g4 Bg6 19. Nxg5 Qg7 20. Ne6 Qf7 21. Nxd8
Kxd8 22. c3 c4 23. Rf3 Qg7 24. Bg5+ Kc8 25. Bf6 Qg8 26. Bxh8 Qxh8 27. Nf6 Bg7
28. g5 h6 29. h4 Qf8 30. Nd7 Qe7 31. Nf6 hxg5 32. hxg5 Bh8 33. Kg2 Qe6 34. Rg3
Ne7 35. Nd7 Bg7 36. Qe3 Nc6 37. Nc5 Qe8 38. Rd7 Bf8 39. Rd1 Bd6 40. Nxa6 Kb7
41. Nb4 1-0

[Event "DVM U10 2016"]
[Site "Magdeburg GER"]
[Date "2016.12.29"]
[Round "6"]
[White "Rößl, Sara"]
[Black "Hentschker, Josefin"]
[Result "1-0"]
[Termination "normal"]
[Board "16.2"]
[WhiteElo "728"]
[BlackElo "957"]
[WhiteTeam "TuRa Harksheide Norderstedt"]
[BlackTeam "VSG 1880 Offenbach"]
[PlyCount "73"]
[WhiteFideId "16255828"]
[BlackFideId "16255810"]
[EventCountry "GER"]
[EventRounds "7"]
[EventType "team-swiss"]
[EventDate "2016.12.27"]

1. e4 e5 2. Nf3 Nc6 3. Bb5 f6 4. O-O a6 5. Bc4 Bc5 6. Bxg8 Rxg8 7. Nc3 d6 8. d3
Bg4 9. Be3 Qd7 10. Nd5 Ne7 11. Nc3 b6 12. Re1 Qe6 13. Bxc5 bxc5 14. Re3 g6 15.
Qd2 f5 16. Qe2 f4 17. Ng5 Bxe2 18. Nxe6 fxe3 19. Nxc7+ Kd7 20. Nxa8 Rf8 21.
Nxe2 exf2+ 22. Kf1 Rxa8 23. Kxf2 Rf8+ 24. Kg1 g5 25. Rf1 Rxf1+ 26. Kxf1 h5 27.
Ng3 h4 28. Nf5 Nxf5 29. exf5 Ke7 30. g4 d5 31. c3 Kf6 32. b4 cxb4 33. cxb4 d4
34. a4 e4 35. Ke2 e3 36. b5 axb5 37. axb5 1-0

[Event "DVM U10 2016"]
[Site "Magdeburg GER"]
[Date "2016.12.29"]
[Round "6"]
[White "Dixon, Laura Michaela"]
[Black "Duong, Nhat-Minh"]
[Result "1-0"]
[Termination "normal"]
[Board "16.3"]
[WhiteElo "906"]
[BlackElo "847"]
[WhiteTeam "VSG 1880 Offenbach"]
[BlackTeam "TuRa Harksheide Norderstedt"]
[PlyCount "97"]
[WhiteFideId "16248708"]
[BlackFideId "16245261"]
[EventCountry "GER"]
[EventRounds "7"]
[EventType "team-swiss"]
[EventDate "2016.12.27"]

1. e4 e5 2. Nf3 Nc6 3. Bc4 Nf6 4. Nc3 Nxe4 5. Nxe4 d5 6. Bb5 dxe4 7. Nxe5 Bd7
8. Bxc6 bxc6 9. d4 exd3 10. Qxd3 Qe7 11. Bf4 f6 12. Qe3 fxe5 13. Bxe5 Rb8 14.
O-O c5 15. Rfe1 Bc6 16. Bxc7 Rb7 17. Bd6 Qxe3 18. Rxe3+ Kd7 19. Bxf8 Rxf8 20.
Rd1+ Kc8 21. b3 Rf5 22. Rde1 Rg5 23. g3 Rd5 24. Kf1 g6 25. c4 Rd4 26. h4 Rbd7
27. Ke2 Rd2+ 28. Kf1 Rf7 29. f4 Rxa2 30. Re5 Rf5 31. Re7 h6 32. R1e6 Ra1+ 33.
Kf2 Ra2+ 34. Ke1 Ra1+ 35. Kd2 Ra2+ 36. Kc3 Bd7 37. Rxg6 Ra6 38. Rxa6 Rf8 39.
Rxa7 Rf6 40. Rexd7 Rb6 41. Rf7 Rb7 42. Ra8+ Rb8 43. Rf8+ Kb7 44. Raxb8+ Kc6 45.
Rf6+ Kc7 46. Rh8 Kd7 47. Rh7+ Ke8 48. Ra6 Kf8 49. Ra8# 1-0